Contributions to lattice theory /
Guardado en:
| Otros Autores: | , |
|---|---|
| Formato: | Libro |
| Idioma: | English |
| Publicado: |
Amsterdam :
North-Holland,
c1983.
|
| Series: | Colloquia Mathematica Societatis János Bolyai ;
33 |
| Etiquetas: |
Agregar Etiqueta
Sin Etiquetas, Sea el primero en etiquetar este registro!
|
| LEADER | 00840nam a22002175a 4500 | ||
|---|---|---|---|
| 001 | MAT.inmabb004390 | ||
| 008 | 070308s1983####ne#a#####b####100#0#eng#d | ||
| 005 | 20130308114217.0 | ||
| 245 | 1 | 0 | |a Contributions to lattice theory / |c edited by A. P. Huhn and E. T. Schmidt. |
| 260 | |a Amsterdam : |b North-Holland, |c c1983. | ||
| 300 | |a 782 p. : |b il. ; |c 25 cm. | ||
| 440 | 0 | |a Colloquia Mathematica Societatis János Bolyai ; |v 33 | |
| 500 | |a Trabajos presentados en el Colloquium on Lattice Theory realizado en Szeged, Hungría, en agosto de 1980. | ||
| 504 | |a Incluye referencias bibliográficas. | ||
| 510 | 4 | |a MR, |c 84j:06001 | |
| 020 | |a 0444865071 | ||
| 020 | |a 9638021284 (Bolyai) | ||
| 700 | 1 | |a Huhn, A. P. |q (András P.) |4 edt | |
| 700 | 1 | |a Schmidt, E. T. |q (Eligius Tamás) |4 edt | |
| 084 | |a 06-06 |2 msc2000 | ||
| 859 | |h 06 |i C764 |p A-5924 |b BIB. MATEMATICA | ||
